"Stemmata quid faciunt?" Représentations et idéologies familiales des maisons aristocratiques entre cour et provinces austro-bohêmes
| Titel: | "Stemmata quid faciunt?" Représentations et idéologies familiales des maisons aristocratiques entre cour et provinces austro-bohêmes |
|---|---|
| Verfasser: | |
| In: |
Revue historique, Band 131/309, Heft 643 (2007), Seite 595-621 alle Artikel anzeigen |
| Veröffentlicht: | 2007 |
| Format: | Aufsatz |
| Sprache: | Französisch |
X
alg: 39216900 001A $01999:11-11-16 001B $01999:26-04-21 $t20:15:26.000 001C $06050:19-11-16 $t08:53:49.000 001D $01999:11-11-16 001U $0utf8 001X $00 002@ $0Aox 003@ $0392169002 007A $0392169002 $aHEB 007T $0Herdc0026576m 010@ $afre 011@ $a2007 021A $a"Stemmata quid faciunt?" Représentations et idéologies familiales des maisons aristocratiques entre cour et provinces austro-bohêmes 028A $aHassler $dÉric 031A $d131/309 $e643 $h595-621 $j2007 037A $afranz. Res. 620; engl. Res. 620-621 039B $aIn $8--Abvc--. Revue historique. - Paris : Presses Univ. de France, 1876-. - ISSN 0035-3264 $x200700001310643405 $9047310693 045F $a306.094371 $eDDC23BSB 045F/01 $a306.09 045F/03 $g4371 045T $a8 lok: 39216900 78 exp: 39216900 78 1 #EPN 201B/01 $026-11-17 $t01:00:08.000 201U/01 $0utf8 203@/01 $0788265156 208@/01 $a11-11-16 $be 209A/01 $a/ $f000 $x00 220C/01 $aTitelaufnehmer: pg 244Z/01 $#Tschechien $#Tschechische Republik $#Tschechische Republik $#Tschechenland $#Tschechei Tschechien $#Česká Republika $#Czech Republic $#ČR $74303381-7 $8--Tg1--Tschechien $x01 $9086659812 244Z/01 $2Trx $#Böhmen $#Bohemia $#Czechy $8--Trx--Čechy $x02 $9391188941 244Z/01 $aGeschichte 1566-1741 $x03 244Z/01 $2Trx $#Habsburgeri monarhia $#Habsburgų monarchija $#Habsburgian monarchy $#Habsburgmonarchia $#monarchia habsburska $#Habsburská monarchia $#Habsburská monarchie $8--Trx--Habsburgermonarchie $x04 $9391359606 244Z/01 $2Trx $#aadel Böömimaa $#Čekijos bajorai $#gentry Bohemia $#nemesség Bohémia $#szlachta Czechy $#šľachta Čechy $#šlechta Čechy $8--Trx--Adel$gBöhmen $x05 $9391368141 244Z/01 $2Trx $8--Trx--Zeitschriftenaufsatz $x06 $9391384341 245Z/01 $a09.08 $x01 247C/01 $82080>Marburg/Lahn, Herder-Institut, Forschungsbibliothek, Bibliographieportal $9336309341
| LEADER | 00000caa a22000002c 4500 | ||
|---|---|---|---|
| 001 | 392169002 | ||
| 003 | DE-603 | ||
| 005 | 20210426201526.0 | ||
| 007 | tu | ||
| 008 | 161111s2007 xx |||| | u00||u|fre c | ||
| 035 | |a (DE-599)HEB392169002 | ||
| 040 | |a DE-603 |b ger |c DE-603 |d DE-603 | ||
| 041 | |a fre | ||
| 082 | 0 | 4 | |8 1\u |a 306.094371 |q DE-101 |2 23/BSB |
| 084 | |a 8 |2 ssgn | ||
| 085 | |8 1\u |b 306.09 | ||
| 085 | |8 1\u |z 2 |s 4371 | ||
| 100 | 1 | |a Hassler, Éric | |
| 245 | 0 | 0 | |a "Stemmata quid faciunt?" Représentations et idéologies familiales des maisons aristocratiques entre cour et provinces austro-bohêmes |
| 264 | 0 | |c 2007 | |
| 500 | |a franz. Res. 620; engl. Res. 620-621 | ||
| 773 | 0 | 8 | |i In |t Revue historique |d Paris : Presses Univ. de France, 1876- |x 0035-3264 |g Band 131/309, Heft 643 (2007), Seite 595-621 |w (DE-603)047310693 |w (DE-600)209825-8 |
| 924 | 0 | |9 2080 |a (DE-603)788265156 |b DE-2080 |c HES |d d |g / | |


